Stratégia rozvoja ekonomiky rozvojových krajín na príklade Južná Korea diplomová práca

Uložené v:
Podrobná bibliografia
Hlavný autor: Mačička, Slavomír
Korporativný autor: Obchodná fakulta EU. Katedra medzinárodného obchodu
Ďalší autori: Obadi, Saleh Mothana
Médium: Kniha
Jazyk:Slovak
Vydavateľské údaje: Bratislava 2011
Tagy: Pridať tag
Žiadne tagy, Buďte prvý, kto otaguje tento záznam!

MARC

LEADER 00000nbm a2200000 4500
001 0131923
005 20230113074123.9
041 0 |a slo 
044 |a SK 
245 1 0 |a Stratégia rozvoja ekonomiky rozvojových krajín na príklade Južná Korea  |b diplomová práca  |c Slavomír Mačička ; školiteľ: Saleh Mothana Obadi 
264 1 |a Bratislava  |c 2011 
300 |a 87 s. 
100 1 |a Mačička, Slavomír 
700 1 |a Obadi, Saleh Mothana 
710 2 |a Obchodná fakulta EU. Katedra medzinárodného obchodu